And The Wind Sagged At My Feet/ (Record no. 207494)
[ view plain ]
| 000 -LEADER | |
|---|---|
| fixed length control field | 00527nam a22001817a 4500 |
| 005 - DATE AND TIME OF LATEST TRANSACTION | |
| control field | 20241209120157.0 |
| 010 ## - LCCN (DPL NO) | |
| LC control number | ENG-142678 |
| 020 ## - INTERNATIONAL STANDARD BOOK NUMBER | |
| Terms of availability | 230.00 |
| International Standard Book Number | 9789391091255 |
| 035 ## - SYSTEM CONTROL NUMBER | |
| System control number | EN-126410 |
| 037 ## - SOURCE OF ACQUISITION | |
| Source of stock number/acquisition | DBAD |
| 082 ## - DEWEY DECIMAL CLASSIFICATION NUMBER | |
| Classification number | 881 |
| 100 ## - MAIN ENTRY--PERSONAL NAME | |
| Personal name | Anand, Jernail Singh |
| 245 ## - TITLE STATEMENT | |
| Title | And The Wind Sagged At My Feet/ |
| Statement of responsibility, etc | by Jernail Singh Anand |
| 260 ## - PUBLICATION, DISTRIBUTION, ETC. (IMPRINT) | |
| Place of publication, distribution, etc | Gurugram |
| Name of publisher, distributor, etc | The Poetry Society of India |
| Date of publication, distribution, etc | 2021 |
| 270 ## - ADDRESS | |
| Address | H-23/16,DLF Phase-1 |
| City | Gurugram |
| 300 ## - PHYSICAL DESCRIPTION | |
| Extent | 81p. |
| Dimensions | 21cm(pb) |
| 942 ## - ADDED ENTRY ELEMENTS (KOHA) | |
| Source of classification or shelving scheme | Dewey Decimal Classification |
| Item type | English Books |
| Classification part | 881 |
| Call number suffix | ANA |
| Withdrawn status | Lost status | Not for loan | Collection code | Home library | Current library | Date acquired | Source of acquisition | Cost, normal purchase price | Full call number | Barcode | Copy number | Cost, replacement price | Koha item type |
|---|---|---|---|---|---|---|---|---|---|---|---|---|---|
| Non-fiction | R.K.Puram-8 | R.K.Puram-8 | 09/12/2024 | Delivery of Books Division | 230.00 | 881 ANA | EN-126410 | 1 | 230.00 | English Books |
